000 00761nam a2200253Ia 4500
003 OSt
005 20220918171440.0
006 a|||||r|||| 00| 0
007 ta
008 220917b |||||||| |||| 00| 0 eng d
020 _a9781784533083 (pbk)
_c795
024 _a289,498
037 _b1780, 18/03/2016, The Book Seller
_cTextual
040 _aARTS
_cARTS
_beng
041 _2eng
_aeng
082 _aY:45(Q7), Q5
100 _aMoubayed Sami
_936599
245 0 _aUnder the black flag
_b At the forntier of the new jihad
260 _aLondon
_bI.B. Tauris UK
_c2015
300 _axv, 240p.
_ccm.
650 _aSOCIOLOGY
942 _hY:45(Q7), Q5
_cTEXL
_2CC
999 _c139586
_d139586